000 01233nam a2200253Ia 4500
001 18010
003 GE_BSU
008 181216s||||||||xx |||||||||||||| ||und||
040 _cGE_BSU
080 _a811.351.21'367.622
100 _aბურჭულაძე, გ.
245 _aბრუნვათა შედგენილობისა და არსებით სახელთა ბრუნების პროცესების ძირითადი საკითხები ლაკურ ენაში.
245 _cრედ. ილ. ცერცვაძე
260 _aთბილისი
260 _bმეცნიერება
260 _c1986
300 _a132გვ. ; 21სმ
300 _eბიბლიოგრ.: გვ. 122-132
520 _aრეზ. რუს
541 _h6ლ.
653 _aარსებითი სახელი ლაკურ ენაში
653 _aბრუნვათა შედგენილობისა და არსებით სახელთა ბრუნების პროცესების ძირითადი საკითხები ლაკურ ენაში
942 _cBK
999 _c51053
_d51053